Online katalóg knižníc regiónu Turca

Viktor pri mori (Record no. 21571)

MARC details
000 -LEADER
fixed length control field 01576cam a2200493 a 4500
001 - CONTROL NUMBER
control field 21571
003 - CONTROL NUMBER IDENTIFIER
control field VRT
005 - DATE AND TIME OF LATEST TRANSACTION
control field 20260305091348.0
008 - FIXED-LENGTH DATA ELEMENTS--GENERAL INFORMATION
fixed length control field 160208s2008 xo a b 000 j slo
015 ## - NATIONAL BIBLIOGRAPHY NUMBER
National bibliography number SNBA2010/09-04738
020 ## - INTERNATIONAL STANDARD BOOK NUMBER
International Standard Book Number 9788071468868 (viaz.)
035 ## - SYSTEM CONTROL NUMBER
System control number BJKDG42840
035 ## - SYSTEM CONTROL NUMBER
System control number urn:nbn:sk:snk-amk6mq
035 ## - SYSTEM CONTROL NUMBER
System control number urn:nbn:sk:snk-am003oxi
035 ## - SYSTEM CONTROL NUMBER
System control number C1780D62-7409-4791-8990-2EDE859D2404
039 #9 - LEVEL OF BIBLIOGRAPHIC CONTROL AND CODING DETAIL [OBSOLETE]
Level of rules in bibliographic description 202310111256
Level of effort used to assign nonsubject heading access points msnk170
Level of effort used to assign subject headings 202108021504
Level of effort used to assign classification AUTHORITY
Level of effort used to assign subject headings 202108021454
Level of effort used to assign classification AUTHORITY
Level of effort used to assign subject headings 202108021448
Level of effort used to assign classification AUTHORITY
040 ## - CATALOGING SOURCE
Original cataloging agency BJKDG
Language of cataloging slo
Transcribing agency BJKDG
Modifying agency SNK
Description conventions AACR2
041 1# - LANGUAGE CODE
Language code of text/sound track or separate title slo
Language code of original fre
044 ## - COUNTRY OF PUBLISHING/PRODUCING ENTITY CODE
MARC country code xo
ISO country code SK
072 #7 - SUBJECT CATEGORY CODE
Subject category code 821-93
Subject category code subdivision Literatúra pre deti a mládež
Source konspekt
080 ## - UNIVERSAL DECIMAL CLASSIFICATION NUMBER
Universal Decimal Classification number 821-93
Edition identifier 2001
080 ## - UNIVERSAL DECIMAL CLASSIFICATION NUMBER
Universal Decimal Classification number (0:82-34)
Edition identifier 2001
245 00 - TITLE STATEMENT
Title Viktor pri mori
Statement of responsibility, etc. [ilustrácie: Jan Ivens ; preložila: Otília Škvarnová]
260 ## - PUBLICATION, DISTRIBUTION, ETC.
Place of publication, distribution, etc. Bratislava
Name of publisher, distributor, etc. Junior
Date of publication, distribution, etc. 2008
300 ## - PHYSICAL DESCRIPTION
Extent [25] s.
Other physical details fareb. ilustr.
Dimensions 23 cm
655 #7 - INDEX TERM--GENRE/FORM
Genre/form data or focus term publikácie pre deti
Source of term SNKPH
655 #7 - INDEX TERM--GENRE/FORM
Genre/form data or focus term rozprávky
Source of term SNKPH
655 #7 - INDEX TERM--GENRE/FORM
Genre/form data or focus term Fairy tales
Source of term SNKPHeng
655 #7 - INDEX TERM--GENRE/FORM
Genre/form data or focus term Children's literature
Source of term SNKPHeng
700 1# - ADDED ENTRY--PERSONAL NAME
Personal name Škvarnová, Otília,
Dates associated with a name 1953-
Relationship trl
700 1# - ADDED ENTRY--PERSONAL NAME
Personal name Ivens, Jan
Relationship ill
910 ## - USER-OPTION DATA (OCLC)
User-option data bjkdg
910 ## - USER-OPTION DATA (OCLC)
User-option data hevk
910 ## - USER-OPTION DATA (OCLC)
User-option data snk
910 ## - USER-OPTION DATA (OCLC)
User-option data vthk
910 ## - USER-OPTION DATA (OCLC)
User-option data skpk
910 ## - USER-OPTION DATA (OCLC)
User-option data pokpoh
942 ## - ADDED ENTRY ELEMENTS (KOHA)
Source of classification or shelving scheme Dewey Decimal Classification
Koha item type Krásna literatúra pre deti
Suppress in OPAC No
949 ## - LOCAL PROCESSING INFORMATION (OCLC)
6 17A0665349
a snkSC 141325 D1
b snk2010/15683
o 1661/10
949 ## - LOCAL PROCESSING INFORMATION (OCLC)
6 17A0665350
a snkSC 141325
b snk2010/15681
o 1661/10
s 6100:20140925
980 ## - EQUIVALENCE OR CROSS-REFERENCE-SERIES STATEMENT--PERSONAL NAME/TITLE [LOCAL, CANADA]
Personal name 821(100)-34
980 ## - EQUIVALENCE OR CROSS-REFERENCE-SERIES STATEMENT--PERSONAL NAME/TITLE [LOCAL, CANADA]
Personal name 821-93
Holdings
Stav vyradenia Strata Poškodenie Spôsob nadobudnutia Domovská knižnica Aktuálna knižnica Dátum nadobudnutia Total checkouts Čiarový kód exemplára Date last seen Typ exemplára
      Dar Obecná knižnica Turčianska Štiavnička Obecná knižnica Turčianska Štiavnička 05.03.2026   4738000254 05.03.2026 Krásna literatúra pre deti
Projekt je podporený Slovenskou asociáciou knižníc
Prevádzkuje Turčianska knižnica Martin 2026